More crazy riddles

Bibliographic Details
Format: Book
Published: Singapore : Bookworm Publishing , 1994
Series:Bookworm
Subjects:

MARC

LEADER 00000cam a2200000 7i4500
001 0000008413
002 000009170
005 20000330.0
020 |a 981305154X 
090 0 0 |a JF   |b BOO 
245 0 0 |a More crazy riddles 
260 |a Singapore :   |b Bookworm Publishing ,   |c 1994 
300 |a 76p. :   |b ill. ;   |c 21cm. 
490 0 |a Bookworm 
650 0 0 |a Children's stories 
999 |a 047185   |b BUKU   |c PINJAMAN   |e PERPUSTAKAAN KOMUNITI PETALING JAYA 
999 |a 047186   |b BUKU   |c PINJAMAN   |e PERPUSTAKAAN KOMUNITI PETALING JAYA 
999 |a 051004   |b BUKU   |c PINJAMAN   |e PERPUSTAKAAN KOMUNITI PETALING JAYA 
999 |a 051005   |b BUKU   |c PINJAMAN   |e PERPUSTAKAAN KOMUNITI PETALING JAYA 
999 |a 051006   |b BUKU   |c PINJAMAN   |e PERPUSTAKAAN KOMUNITI PETALING JAYA